LEADER 00928nam a2200229 i 4500 001 000000152128 003 CaOOAMICUS 005 20060725000000.0 008 060725s1933 it u000 u lat u 013 $a129469 040 $aSeMil$bita 100 1 $aGorla, Carlo Giovanni,$c.$0(OLS)http://semarc/name/11457 245 10$aAudite hoc, Sacerdotes :$b(Osee, c. 5) /$cCarolus J. Gorla. 250 $a3. editio. 260 $aMilano :$bapud Società Editrice Internazionale,$cimprimatur 1933. 300 $a34 p. ;$c15 cm. 650 4$aSacerdozio.$0(OLS)http://semarc/subject/255 850 $aSeMil 852 $aSeMil$W1$xVenegono$y1$m5D VII 13/3$j104087$B104087$CSeMilBibl$Z2$F113131 $81 961 $aRecupero: Altro 996 $6245$aAudite hoc, Sacerdotes :$b(Osee, c. 5)$9(OLS)http://semarc/title/222378 996 $6260$aMilano :$bapud Società Editrice Internazionale$9(OLS)http://semarc/publisher/48001 LEADER 00904nab a2200145 i 4500 001 000000288327 003 CaOOAMICUS 005 20151125000000.0 008 151125n xx uu u0 0und r 013 $a42394 040 $aSeMil$bita 245 10$aRighting and Rewriting Genesis 38 :$bTamar and Judah in the Pseudepigrapha ; Proverbs in Middle East North Africa Cultural Context ; Healing and Saving Life from Starvation ... ; The "Spiritual Body" as Oxymoron in 1Cor 15:44. - Tit. dalla copertina. 500 $aNovember 2015. 773 0 $t[2015].$dThousand Oaks (California) : SAGE Publications, copyr. 2015.$w()239012 996 $6245$aRighting and Rewriting Genesis 38 :$bTamar and Judah in the Pseudepigrapha ; Proverbs in Middle East North Africa Cultural Context ; Healing and Saving Life from Starvation ... ; The "Spiritual Body" as Oxymoron in 1Cor 15:44. - Tit. dalla copertina.$9(OLS)http://semarc/title/368195